| 000 | nam a22 7a 4500 | ||
|---|---|---|---|
| 999 |
_c29391 _d29391 |
||
| 008 | 171205b xxu||||| |||| 00| 0 eng d | ||
| 020 | _a9789966258724 | ||
| 050 | _aPL 8704 .M76 2012 | ||
| 100 |
_aMudhihir,Mudhihir M. _d2012 |
||
| 245 |
_aMwele bin taabani. _cMudhihir M Mudhihir |
||
| 260 |
_aNairobi: _bEast African publishers, _c2012. |
||
| 300 | _aviii,79p. | ||
| 942 |
_2lcc _cAFRICANA _hPL 8704 .M76 2012 _01 |
||